000 00402 a2200145 4500
999 _c8185
_d8185
020 _a9788131505946
050 _aP94DAY2006
100 _aD , Louis Alvin
_eauthor
245 _aMedia Communication Ethics /
_cLouis Alvin DAy
264 _aAustralia:
_WWadsworth Cenage Learning,
_c2006
300 _a380p. :
500 _aincludes index
650 _amedia communications
942 _2lcc
_cBK
_h94
_iDAY
_kP